Statistics for Most Popular Cat Breeds

Click here to take the quiz!

General Stats

  • This quiz has been taken 78 times
  • The average score is 4 of 10

Answer Stats

#Popular cat breeds% Correct
7Siamese
82%
4Persian
78%
3Ragdoll
60%
1Maine Coon
57%
9Russian blue
38%
10Bengal
29%
5American shorthair
26%
6Abyssinian
20%
8Tonkinese
8%
2Ragamuffin
3%

Score Distribution

Percentile by Number Answered

Percent of People with Each Score

Your Score History

You have not taken this quiz